ბათუმის შოთა რუსთაველის სახელმწიფო უნივერსიტეტის ბიბლიოთეკა

სტევია შაქრის შემცვლელიდიაბეტით დაავადებულთათვის / (ბიბ.ჩანაწერი № 61878)

000 -ლიდერი
ფიქსირებული სიგრძის საკონტროლო ველი 01219nam a22002177a 4500
003 - საკონტროლო ნომრის იდენტიფიკატორი
საკონტროლო ველი Ge_BSU
005 - ბოლო ოპერაციის თარიღი და დრო
საკონტროლო ველი 20240531165618.0
008 - ფიქსირებული სიგრძის მონაცემთა ელემენტები - ზოგადი ინფორმაცია
ფიქსირებული სიგრძის საკონტროლო ველი 240531s2010 ge ||||| |||| 00| 0 geo d
041 ## - ენის კოდი
Language code of text/sound track or separate title geo
080 ## - უნივერსალური ათობითი კლასიფიკაციის ინდექსი
Universal Decimal Classification number 633.88+615.89 გ-74
100 ## - მთავარი ჩანაწერი - პიროვნების სახელი
Personal name გოძიაშვილი, ბადრი
9 (RLIN) 22274
245 ## - ცნობა სათაურის შესახებ
Title სტევია შაქრის შემცვლელიდიაბეტით დაავადებულთათვის /
Statement of responsibility, etc ბადრი გოძიაშვილი, მარტა ჩებოტარიოვა; რედ. რ. სურმანიძე; ბათუმის სამედიცინო ეკოლოგიური ინსტიტუტი.
264 ## - წარმოების, გამოცემის, დისტრიბუციის და სხვა ცნობები
გამოცემის, წარმოების, დისტრიბუციის... ადგილი ბათუმი :
გამოცემის, წარმოების, დისტრიბუციის... სახელწოდება მეცნიერება,
გამოცემის, წარმოების, დისტრიბუციის... თარიღი 2010.
300 ## - ფიზიკური აღწერა
Extent 52 გვ. :
Other physical details ილ.;
Dimensions 21 სმ.
653 ## - INDEX TERM--UNCONTROLLED
Uncontrolled term მედიცინა
653 ## - INDEX TERM--UNCONTROLLED
Uncontrolled term სტევია
700 ## - ADDED ENTRY--PERSONAL NAME
Personal name სურმანიძე, რ.
Relator term რედქტორი
9 (RLIN) 18395
700 ## - ADDED ENTRY--PERSONAL NAME
Personal name ჩებოტარიოვა, მარტა
9 (RLIN) 22275
710 ## - ADDED ENTRY--CORPORATE NAME
Corporate name or jurisdiction name as entry element ბათუმის სამედიცინო ეკოლოგიური ინსტიტუტი
9 (RLIN) 22276
942 ## - ADDED ENTRY ELEMENTS (KOHA)
Source of classification or shelving scheme
Koha item type წიგნი
ეგზემპლარები
ჩამოწერის სტატუსი დაკარგული ეგზემპლარის სტატუსი კლასიფიკაციის წყარო ან თაროზე გაწყობის სქემა დაზიანების სტატუსი არ გაიცემა მუდმივი მდებარეობა (დაცვის ადგილი) ამჟამინდელი ადგილსამყოფელი თაროზე განთავსების ადგილი შეძენის თარიღი ღირებულება, შესყიდვის ნორმალური ფასი სრული შენახვის შიფრი შტრიხკოდი ბოლო ოპერაციის თარიღი ეგზემპლარის მიმდევრობითი ნომერი (კეტერი?) ფასის ძალაში შესვლის თარიღი ეგზემპლარის სახეობა საჯარო შენიშვნა
          ბათუმის შოთა რუსთაველის სახელმწიფო უნივერსიტეტის მთავარი ბიბლიოთეკა ბათუმის შოთა რუსთაველის სახელმწიფო უნივერსიტეტის მთავარი ბიბლიოთეკა წიგნსაცავი 2024-05-31 2.00 633.88+615.89 გ-74 68031 2024-05-31 68031 2024-05-31 წიგნი 2 ლ.